000
00216 a2200097 4500
001
35336
100
_a
Wood M B
245
_a
Introducing Computer Security
260
_a
New Delhi
_b
N C C
_c
090
_c
23368
_d
23368
942
_a
NUST-CAE
_c
M
_c
14856
999
_c
270409
_d
270409